SF horizons.

Bibliographic Details
Other Authors: Aldiss, Brian W. (Brian Wilson), 1925- (Editor), Harrison, Harry, 1925-2012 (Editor)
Format: Serial
Language:English
Published: Sunningdale, Eng. : S F Horizons, Ltd., ©1964-©1965.
Subjects:
Online Availability: Check for online availability

MARC

Tag First Indicator Second Indicator Subfields
LEADER 00000cas a2200000 a 4500
001 in00001168821
005 20151001074156.0
008 800620d19641965enkuu 0 a0eng d
022 |a 0563-1092 
035 |a (OCoLC)06444910 
035 |9 AGE8473AM 
040 |a MUL  |c MUL  |d MUL  |d NYS  |d TXA  |d UtOrBLW 
049 |a TXAE [scif] 
090 |a PR830.S35  |b A384 
245 0 0 |a SF horizons. 
246 1 0 |a S F horizons 
246 1 0 |a Science fiction horizons 
264 1 |a Sunningdale, Eng. :  |b S F Horizons, Ltd.,  |c ©1964-©1965. 
300 |a volumes ;  |c 22 cm. 
336 |a text  |b txt  |2 rdacontent 
337 |a unmediated  |b n  |2 rdamedia 
338 |a volume  |b nc  |2 rdacarrier 
362 1 |a Began publication with no. 1 (spring 1964) and ceased with no. 2 (winter 1965). 
500 |a "A magazine of criticism and comment." 
500 |a Title from cover. 
500 |a Edited by Brian Aldiss and Harry Harrison. 
650 0 |a Science fiction, English  |x History and criticism  |x Periodicals. 
650 0 |a Science fiction, English  |x Periodicals. 
700 1 |a Aldiss, Brian W.  |q (Brian Wilson),  |d 1925-  |e editor. 
700 1 |a Harrison, Harry,  |d 1925-2012,  |e editor. 
999 |a MARS 
999 f f |s 372122b3-b801-3202-b48e-f9b1062f408b  |i bbd94009-e9de-391c-aebd-805f5689cb5c  |t 0 
952 f f |p noncirc  |a Texas A&M University  |b College Station  |c Cushing Memorial Library & Archives  |d Cushing: Science Fiction (Does not check out)  |t 0  |e PR830.S35 A384  |h Library of Congress classification  |i unmediated -- volume 
998 f f |a PR830.S35 A384  |s no.1 (1964:Spring)-no.2 (1965:Winter)  |t 0  |l Cushing: Science Fiction (Does not check out)